Slovensko kráľovské a republikánske

Salvato in:
Dettagli Bibliografici
Autore principale: Nuoška, Andrej
Natura: Libro
Lingua:slovacco
Pubblicazione: Bratislava MY 1996
Soggetti:
Tags: Aggiungi Tag
Nessun Tag, puoi essere il primo ad aggiungerne!!

MARC

LEADER 00000nam a2200000 4500
001 c129711
005 20221123124534.2
020 |a 80-967576-4-4 
041 0 |a slo 
044 |a SK 
245 1 0 |a Slovensko kráľovské a republikánske  |c Andrej Nuoška 
264 1 |a Bratislava  |b MY  |c 1996 
300 |a 144 s. 
610 2 0 |a politika 
610 2 0 |a politológia 
610 2 0 |a autonómia 
610 2 0 |a vláda 
610 2 0 |a história 
610 2 0 |a dejiny 
610 2 0 |a osobnosť 
610 2 0 |a sloboda 
610 2 0 |a demokracia 
610 2 0 |a štát 
610 2 0 |a organizácia politická 
610 2 0 |a vzdelávanie 
610 2 0 |a civilizácia 
610 2 0 |a humanizmus 
610 2 0 |a Slovensko 
610 2 0 |a Česko 
610 2 0 |a vývoj spoločenský 
610 2 0 |a vývoj systémov 
100 1 |a Nuoška, Andrej